书目信息 |
| 题名: |
中外名曲旋律辞典
|
|
| 作者: | 孙维权 主编 | |
| 分册: | ||
| 出版信息: | 上海 上海音乐出版社 1992.6 |
|
| 页数: | 854页 | |
| 开本: | 20cm | |
| 丛书名: | ||
| 单 册: | ||
| 中图分类: | J-61 | |
| 科图分类: | ||
| 主题词: | 音乐--作品--艺术评论 , 音乐欣赏 , 艺术 | |
| 电子资源: | ||
| ISBN: | 7-80553-325-3 | |
| 000 | 00821nam0 2200253 45 | |
| 001 | 1534618512 | |
| 005 | 20150119110036.73 | |
| 010 | @a7-80553-325-3@b精装@dCNY38.00 | |
| 100 | @a19930116d1992 emky0chiy0121 ea | |
| 101 | 0 | @achi |
| 102 | @aCN@b310000 | |
| 105 | @ay e 000yy | |
| 200 | 10 | @a中外名曲旋律辞典@AZHONG WAI MING QU XUAN LV CI DIAN@f孙维权主编@FSun Wei Quan Zhu Bian |
| 210 | @a上海@c上海音乐出版社@d1992.6 | |
| 215 | @a854页@d20cm | |
| 330 | @a本书收集了中国作曲家创作的歌曲、歌剧选曲旋律、器乐主题,以及中国民歌、传统器乐曲旋律等300余首。 | |
| 540 | 1 | @a中外 名曲 旋律@AZHONG WAI MING QU XUAN LV |
| 606 | 0 | @a音乐@x作品@x艺术评论 |
| 606 | 0 | @a音乐欣赏 |
| 606 | 0 | @a艺术 |
| 690 | @aJ-61@v4 | |
| 701 | 0 | @a孙维权@ASUN WEI QUAN@4主编 |
| 801 | @aCN@bTSSF@c20150119 | |
| 905 | @aZUCC@dJ-61@eJY2 | |
| 中外名曲旋律辞典/孙维权主编.-上海:上海音乐出版社,1992.6 |
| 854页;20cm |
| ISBN 7-80553-325-3(精装):CNY38.00 |
| 本书收集了中国作曲家创作的歌曲、歌剧选曲旋律、器乐主题,以及中国民歌、传统器乐曲旋律等300余首。 |
| ● |
| 相关链接 |
|
|
|
|
正题名:中外名曲旋律辞典
索取号:J-61/JY2
 
预约/预借
| 序号 | 登录号 | 条形码 | 馆藏地/架位号 | 状态 | 备注 |
| 1 | 7848523 | 278485239 | 学院路分馆/ [索取号:J-61/JY2] | 在馆 | |
| 2 | 7848524 | 278485248 | 学院路分馆/ [索取号:J-61/JY2] | 在馆 | |
| 3 | 7853478 | 278534784 | 学院路分馆/ [索取号:J-61/JY2] | 在馆 | |
| 4 | 7853479 | 278534793 | 学院路分馆/ [索取号:J-61/JY2] | 在馆 |